000 00489nam a2200205Ia 4500
003 OSt
005 20220928144210.0
006 a|||||r|||| 00| 0
007 ta
008 220927b |||||||| |||| 00| 0 eng d
024 _a63589
037 _cTextual
040 _aSDCL
_cSDCL
_beng
041 _2eng
_aeng
082 _aX:72, L0
100 _aSHAPIRO
_9507339
245 0 _aMacro-economic analysis.
942 _hX:72, L0
_cTEXL
_2CC
999 _c826705
_d826705